| 000 | 00722nam a22002057a 4500 | ||
|---|---|---|---|
| 999 |
_c19755 _d19755 |
||
| 003 | AR-CdUCM | ||
| 008 | 190521b ||||| |||| 00| 0 spa d | ||
| 040 |
_aMUNICIPALIDAD PROVINCIAL DEL CUSCO _cBIBLIOTECA MUNICIPAL DEL CUSCO |
||
| 082 |
_23ed _a161 / _bG73 |
||
| 100 |
_aGortari, Eli de _937415 |
||
| 245 | _aIntroducción a la lógica dialéctica / | ||
| 260 |
_aMéxico, D.F : _bFondo de Cultura Económica, _c1965 |
||
| 300 |
_a297 páginas ; _c21 cm. |
||
| 505 | _aContenido: Dominio de la lógica -- Estructura del conocimiento -- Las leyes dialécticas... | ||
| 650 |
_aDialéctica _95490 |
||
| 650 |
_aFilosofía _9395 |
||
| 650 |
_aCiencias sociales _91096 |
||
| 942 |
_2ddc _cLIBROS |
||
| 945 |
_adavv _d2019-05-21 |
||